Tương lai trong tay ta

Những lời khuyên dành cho thanh niên về cách sống, rèn luyện, học tập, cư xử... trong cuộc sống để vượt qua mọi khó khăn thử thách của cuộc đời và thành công, hạnh phúc.

Gorde:
Xehetasun bibliografikoak
Egile nagusia: Nguyễn, Hiến Lê
Formatua: Liburua
Hizkuntza:Undetermined
Argitaratua: Hà Nội Văn hóa Thông tin 1999
Gaiak:
Etiketak: Etiketa erantsi
Etiketarik gabe, Izan zaitez lehena erregistro honi etiketa jartzen!
Thư viện lưu trữ: Trung tâm Học liệu Trường Đại học Cần Thơ
LEADER 00861nam a2200205Ia 4500
001 CTU_40178
008 210402s9999 xx 000 0 und d
020 |b 21.000đ 
082 |a 158.1 
082 |b L250t 
100 |a Nguyễn, Hiến Lê 
245 0 |a Tương lai trong tay ta 
245 0 |c Nguyễn Hiến Lê 
260 |a Hà Nội 
260 |b Văn hóa Thông tin 
260 |c 1999 
520 |a Những lời khuyên dành cho thanh niên về cách sống, rèn luyện, học tập, cư xử... trong cuộc sống để vượt qua mọi khó khăn thử thách của cuộc đời và thành công, hạnh phúc. 
650 |a Psychology, applied,Tâm lí học ứng dụng 
904 |i Minh, Q. Hiếu (sửa) 
980 |a Trung tâm Học liệu Trường Đại học Cần Thơ